000 00406nam a22001457a 4500
020 _qPB.
040 _cFIZZA ISHAQ
082 _a342.420
_bKEN
100 _a Kenyon, J. P.
_9134198
245 _aThe Stuart constitution, 1603-1688; documents and commentary /
_cJ. P. Kenyon.
250 _a1st ed.
260 _aNew York :
_bCambridge,
_c1966.
300 _a523 P. ;
_c9 x 6 x 01 inches
942 _2ddc
_cBK
999 _c617170
_d617170